| 000 | 00433nam a22001697a 4500 | ||
|---|---|---|---|
| 003 | OSt | ||
| 005 | 20251216113113.0 | ||
| 007 | 932 pages | ||
| 008 | 251216b |||||||| |||| 00| 0 eng d | ||
| 020 | _a9789332542600 | ||
| 040 | _c | ||
| 082 |
_211 _a621.381 _bBOY |
||
| 245 |
_aElectronic devices and Circuit theory _cBoylestad,Robert K _hEnglish |
||
| 250 | _a11 | ||
| 260 |
_bPearson _c2015 |
||
| 942 |
_2ddc _cBK _e11 _k621.381 _mBOY _n0 |
||
| 999 |
_c36299 _d36299 |
||